000 00556nam a2200193Ia 4500
003 LK-CoDNM
005 20240323105443.0
008 010623t1940 xxu||||| |||| 00| 1 sin d
040 _aLK-CoDNM
_dLK-CoDNM
_eLK-CoDNM
041 _asin
080 _aග43
100 _aRajadhirajasinha,Sri
245 _aඅසදෘශ්‍ය ජාතක කාව්‍ය
246 _aSelections from Asadrisha Jataka Kavya
260 _bRathnakara Book Shop
_aColombo
_c1940
300 _bDamaged
_a144p.,21 cm
700 _aSamarasingha,D.M
_eed.
942 _cBK
999 _c99620
_d99620